MARC

LEADER 00000nam0a2200000 4500
001 277357
005 20231101235016.0
035 |a (RuTPU)RU\TPU\book\300630 
090 |a 277357 
100 |a 20141202d1986 km y0rusy50 ca 
101 0 |a rus 
102 |a RU 
105 |a ac z 000zb 
200 1 |a О Серго Орджоникидзе  |e воспоминания, очерки, статьи современников  |f сост. Ф. Г. Сейранян 
210 |a Москва  |c Политиздат  |d 1986 
215 |a 304 с.  |c ил. 
600 1 |a Орджоникидзе  |b Г. К. (С.)  |c российский политический и государственный деятель  |f 1886-1937  |g Григорий Константинович (Серго)  |2 stltpush  |3 (RuTPU)RU\TPU\pers\12369  |9 3379 
606 1 |a Персоналии деятелей КПСС  |x История  |2 stltpush  |3 (RuTPU)RU\TPU\subj\48642  |9 67493 
610 1 |a государственные деятели 
610 1 |a политические деятели 
610 1 |a персоналии 
610 1 |a революционеры 
610 1 |a КПСС 
610 1 |a большевизм 
610 1 |a история 
610 1 |a 20 век 
686 |a Ф61(2)8  |v LBC/SL-A  |2 rubbk 
702 1 |a Сейранян  |b Ф. Г.  |4 220 
801 1 |a RU  |b 63413507  |c 20141202 
801 2 |a RU  |b 63413507  |c 20160315  |g RCR 
942 |c BK